000 00522nam a2200169Ia 4500
999 _c28220
_d28220
003 OSt
005 20210105111447.0
008 190216s9999||||xx |||||||||||||| ||und||
040 _coclc
082 _a894.8122
_bVIK/M
100 _aVikramavarma, Mahenddra
_98141
245 0 _aMatha Vilasam /
_cMahendra Vikramavarama ; K P Narayana Pisharody
260 _bPoorna Publication,
_c1996.
_aKozhikode:
300 _a67p
650 _aNadakam
942 _cBK
_2ddc
_h894.8122
_iVIK/M
_k894.8122
_mVIK/M